000 00643nam a2200217Ia 4500
003 OSt
005 20230529100443.0
008 210423s2017 xx 000 0 und d
020 _a978-93-86105-24-0
040 _cAL
041 _aeng
082 _a541.35 TURM
100 _aTURRO (Nicholas J);RAMAMURTHY (V);SCAIANO (J C)
_9115608
245 _aModern molecular photochemistry of organic molecules
260 _aNew Delhi
_bViva Books Pvt Ltd
_c2017
300 _axxxiii,1084
_bPB
365 _b995
_cINR
650 _aPhotochemistry
_9115609
906 _aModern ; molecular ; molecules ; organic ; photochemistry
942 _2ddc
_cBK
999 _c168277
_d168277